| 000 | 00702nam a2200169 i 4500 | ||
|---|---|---|---|
| 001 | 43305 | ||
| 003 | ES-MaACL | ||
| 005 | 20230906160753.0 | ||
| 007 | t| | ||
| 008 | 030317s1974 sp ||||1| spa d | ||
| 100 | 1 |
_aGómez Gómez, María del Pilar. _9164598 |
|
| 245 | 1 | 0 |
_aV Centenario de la Imprenta _b: Catálogo de la Exposición Bibliográfica y crónica de la conmemoración [Celebrada en la Biblioteca General de la Universidad de Valencia del 15 al 31 de octubre de 1974]. |
| 260 |
_aValencia : _b[Patronato Nacional del V Centenario de la Imprenta], _c1974. |
||
| 300 |
_a253 p., 5 lám. ; _c21 cm. |
||
| 650 | 4 |
_aImprenta- _zEspaña- _vHistoria. _9155171 |
|
| 852 |
_aES-MaACL _jE-8177 _bR.92392 |
||
| 999 |
_c43305 _d43305 |
||